| 000 | 00861nam a2200229Ia 4500 | ||
|---|---|---|---|
| 003 | GCL | ||
| 008 | 140319s9999 xx 000 0 ara d | ||
| 020 | _a8064322977 | ||
| 040 |
_aGCL / _cGCL |
||
| 082 | 0 | 4 |
_a953.08 _bب ر |
| 100 | 1 | _aزبيدة محمد عطا | |
| 245 | 1 | 0 |
_aزبدة الفكرة فى تاريخ الهجرة / _cزبيدة محمد عطا |
| 700 | 1 | _aبيبرس الدوادار | |
| 260 |
_aالقاهرة : _bعين للدراسات والبحوث الانسانية والاجتماعية ، _c2001 |
||
| 300 |
_a432 ص ؛ _c24 سم |
||
| 650 | 0 | 4 | _aدولة المماليك |
| 650 | 0 | 4 | _aالمماليك |
| 650 | 0 | 4 | _aالعالم العربى - تاريخ - عصر المماليك |
| 650 | 0 | 4 | _aدولة المماليك - تاريخ |
| 650 | 0 | 4 | _aدولة المماليك - الملوك والحكام |
| 942 |
_2ddc _cBK |
||
| 999 |
_c9688 _d9688 |
||